000 00409nam a2200169Ia 4500
008 230524s9999 xx 000 0 und d
020 _a9788131729502
082 _a174.4
_bHOO
100 _aAdam Hoover
245 0 _aSystem Programming with C and Unix
250 _aIST
260 _aNEW DELHI
_bPearson
_c2010
300 _aXIV;241
500 _aQuantity Number: 40
650 _aComp-Sc
942 _cBK
999 _c45169
_d45169